[Event "China zt 3.5 2014"]
[Site "Zhongshan CHN"]
[Date "2014.10.26"]
[Round "1.1"]
[White "Bu, Xiangzhi"]
[Black "Li, Hanbin"]
[Result "1-0"]
[WhiteTitle "GM"]
[WhiteElo "2710"]
[BlackElo "2257"]
[WhiteFideId "8601445"]
[BlackFideId "8602670"]
[EventDate "2014.10.26"]

1. Nf3 d5 2. d4 c6 3. c4 Nf6 4. Qc2 e6 5. g3 Nbd7 6. Bg2 Bd6 7. O-O O-O 8. Nbd2
Qe7 9. b3 e5 10. cxd5 cxd5 11. dxe5 Nxe5 12. Nd4 Nc6 13. N2f3 Nxd4 14. Nxd4 Bd7
15. Bb2 Rac8 16. Qd3 Rfe8 17. Rac1 Ba3 18. Rxc8 Rxc8 19. Nf5 Bxf5 20. Qxf5 Rd8
21. Bxf6 Qxf6 22. Qd3 Qa6 23. Rd1 d4 24. Qe4 Bc5 25. a4 Qe6 26. Qxe6 fxe6 27.
Bxb7 Rb8 28. Ba6 Rxb3 29. Bc4 Rb6 30. a5 Rc6 31. Rb1 Bf8 32. Bd3 Rc5 33. a6 Rc6
34. Rb8 Rc7 35. Rd8 Kf7 36. Rxd4 g6 37. Kg2 Bc5 38. Rd8 Kf6 39. f4 e5 40. Rd5
exf4 41. gxf4 h6 42. h4 Be7 43. h5 g5 44. f5 g4 45. Kg3 Kg5 46. Rd4 Rc1 47.
Rxg4+ Kxh5 48. Rg6 Bg5 49. Be4 Rg1+ 50. Kh3 1-0

[Event "China zt 3.5 2014"]
[Site "Zhongshan CHN"]
[Date "2014.10.26"]
[Round "1.3"]
[White "Ju, Wenjun"]
[Black "Zhao, Zhouqiao CHN"]
[Result "1/2-1/2"]
[WhiteTitle "WGM"]
[BlackTitle "FM"]
[WhiteElo "2582"]
[BlackElo "2228"]
[WhiteFideId "8603006"]
[BlackFideId "8608342"]
[EventDate "2014.10.26"]

1. Nf3 Nf6 2. c4 e6 3. g3 d5 4. Bg2 Be7 5. O-O O-O 6. b3 c6 7. Bb2 Nbd7 8. e3
Re8 9. d4 b6 10. Qe2 Bb7 11. Rd1 Qc7 12. Nbd2 Rad8 13. Ne5 c5 14. cxd5 Bxd5 15.
e4 Bb7 16. Rac1 Qb8 17. Ndc4 cxd4 18. Nxd7 Rxd7 19. e5 Nd5 20. Rxd4 Bc5 21. Rh4
Ne7 22. Bxb7 Qxb7 23. Nd6 Bxd6 24. exd6 Nf5 25. Rg4 e5 26. Rg5 g6 27. Qg4 Nh6
28. Qc4 Nf5 29. Qg4 Nh6 30. Qc4 Nf5 31. Qg4 Nh6 1/2-1/2

[Event "China zt 3.5 2014"]
[Site "Zhongshan CHN"]
[Date "2014.10.26"]
[Round "1.4"]
[White "Zhang, Xiaopeng"]
[Black "Zhou, Jianchao"]
[Result "0-1"]
[BlackTitle "GM"]
[WhiteElo "2228"]
[BlackElo "2580"]
[WhiteFideId "8604037"]
[BlackFideId "8603537"]
[EventDate "2014.10.26"]

1. e4 c5 2. Nf3 d6 3. d4 cxd4 4. Nxd4 Nf6 5. Nc3 a6 6. Be3 e5 7. Nb3 Be6 8. Qd2
Nbd7 9. O-O-O b5 10. f3 h5 11. f4 Rc8 12. Kb1 Be7 13. g3 Qc7 14. Nd5 Nxd5 15.
exd5 Bf5 16. Bd3 Bxd3 17. Qxd3 O-O 18. Rhf1 a5 19. Nd2 f5 20. Rc1 Qb7 21. c4 a4
22. Rfd1 e4 23. Qe2 Nc5 24. Bxc5 Rxc5 25. Qxh5 bxc4 26. Nxc4 Qb5 27. Na3 Rxc1+
28. Rxc1 Qd3+ 29. Rc2 Qxd5 30. Qe2 Rb8 31. Rd2 Qe6 32. Qc4 d5 33. Rxd5 Kh7 34.
Nb5 e3 35. Nc3 Bf6 36. Rd4 Qb6 0-1

[Event "China zt 3.5 2014"]
[Site "Zhongshan CHN"]
[Date "2014.10.26"]
[Round "1.5"]
[White "Zhao, Jun"]
[Black "Li, Di"]
[Result "1-0"]
[WhiteTitle "GM"]
[BlackTitle "FM"]
[WhiteElo "2578"]
[BlackElo "2189"]
[WhiteFideId "8602522"]
[BlackFideId "8607508"]
[EventDate "2014.10.26"]

1. d4 Nf6 2. Nf3 g6 3. Bf4 Bg7 4. e3 O-O 5. h3 d5 6. Nbd2 c5 7. c3 Qb6 8. Qb3
Nc6 9. Be2 c4 10. Qa3 Nd7 11. O-O Re8 12. e4 e5 13. exd5 Bf8 14. Qa4 Qxb2 15.
Rab1 Nb6 16. Qd1 Qxa2 17. dxe5 Nxd5 18. Bxc4 Qa5 19. Rb5 Nxc3 20. Qb3 Nxb5 21.
Bxf7+ Kh8 22. Bxe8 Nbd4 23. Qf7 Bg7 24. Bxc6 Ne2+ 25. Kh2 Qb4 26. Bg5 bxc6 27.
Bf6 Bxf6 28. exf6 1-0

[Event "China zt 3.5 2014"]
[Site "Zhongshan CHN"]
[Date "2014.10.26"]
[Round "1.6"]
[White "Zhang, Ziji"]
[Black "Xiu, Deshun"]
[Result "0-1"]
[BlackTitle "GM"]
[WhiteElo "2190"]
[BlackElo "2553"]
[WhiteFideId "8609470"]
[BlackFideId "8603693"]
[EventDate "2014.10.26"]

1. d4 Nf6 2. c4 e6 3. Nc3 Bb4 4. Qc2 d5 5. cxd5 exd5 6. Bg5 h6 7. Bh4 c5 8. dxc5
O-O 9. e3 Be6 10. Bd3 Nc6 11. Nf3 d4 12. Nxd4 Nxd4 13. exd4 Qxd4 14. Bxf6 Qxf6
15. O-O Bxc3 16. Qxc3 Qxc3 17. bxc3 Rac8 18. Be4 Rxc5 19. Bxb7 Rb8 20. Be4 Rxc3
21. Rfd1 Ra3 22. Rd2 g6 23. Rb1 Rc8 24. f3 h5 25. Rbb2 Rc5 26. Kf2 h4 27. Re2
Rc1 28. Re3 Ra6 29. Bb1 Kg7 30. a3 Bc4 31. g3 h3 32. g4 Rf1+ 33. Kg3 g5 34. Rb4
Rg1+ 35. Kf2 Rg2+ 36. Ke1 Rc6 37. Be4 Bd5 38. Re2 Bxe4 39. Rbxe4 Rc1+ 40. Kd2
Rh1 41. Ke3 Rxe2+ 42. Kxe2 Rxh2+ 43. Kf1 Ra2 44. Kg1 Rxa3 45. f4 Rg3+ 0-1

[Event "China zt 3.5 2014"]
[Site "Zhongshan CHN"]
[Date "2014.10.26"]
[Round "1.7"]
[White "Gao, Rui"]
[Black "Yu, Xiangbo"]
[Result "1-0"]
[WhiteTitle "GM"]
[WhiteElo "2523"]
[BlackElo "2149"]
[WhiteFideId "8602387"]
[BlackFideId "8603782"]
[EventDate "2014.10.26"]

1. Nf3 d5 2. c4 dxc4 3. e4 Nf6 4. Nc3 Bg4 5. Bxc4 Bxf3 6. Qxf3 Nbd7 7. d4 e5 8.
Be3 Bd6 9. O-O O-O 10. Rad1 exd4 11. Bxd4 Qe7 12. Bb3 Ne5 13. Qf5 c5 14. Be3 c4
15. Bc2 g6 16. Qh3 Neg4 17. Bg5 Bxh2+ 18. Kh1 Bc7 19. Qxg4 Qe5 20. Qh4 Nh5 21.
Nd5 f6 22. Bh6 Rf7 23. Nxc7 Rxc7 24. Qh2 Qe7 25. Be3 1-0

[Event "China zt 3.5 2014"]
[Site "Zhongshan CHN"]
[Date "2014.10.26"]
[Round "1.8"]
[White "Lan, Zilun"]
[Black "Wang, Chen"]
[Result "1/2-1/2"]
[BlackTitle "IM"]
[WhiteElo "2147"]
[BlackElo "2508"]
[WhiteFideId "8604193"]
[BlackFideId "8601020"]
[EventDate "2014.10.26"]

1. d4 Nf6 2. c4 e6 3. Nf3 b6 4. g3 Ba6 5. Qc2 Bb4+ 6. Bd2 Be7 7. Bg2 O-O 8. O-O
d5 9. Ne5 c6 10. cxd5 cxd5 11. Nc3 Nfd7 12. Nxd7 Qxd7 13. Rfc1 Nc6 14. Qa4 Bb7
15. e3 a6 16. Ne2 Rfc8 17. Nf4 Ne5 18. Qxd7 Nxd7 19. Nd3 Kf8 20. Kf1 Nf6 21. f3
a5 22. Ke1 Bd6 23. Bf1 h5 24. Rxc8+ Rxc8 25. Rc1 Rxc1+ 26. Nxc1 Ke7 27. Bb5 Ne8
28. Ne2 Bc7 29. b3 Nd6 30. Bd3 Bc6 1/2-1/2

[Event "China zt 3.5 2014"]
[Site "Zhongshan CHN"]
[Date "2014.10.26"]
[Round "1.9"]
[White "Wan, Yunguo"]
[Black "Xu, Minghui"]
[Result "1-0"]
[WhiteTitle "IM"]
[WhiteElo "2489"]
[BlackElo "2140"]
[WhiteFideId "8603189"]
[BlackFideId "8606790"]
[EventDate "2014.10.26"]

1. e4 c5 2. Ne2 e6 3. Nbc3 Nc6 4. g3 Qc7 5. Bg2 a6 6. O-O Bd6 7. d3 Nge7 8. f4
f6 9. Be3 b6 10. Qd2 Bb7 11. Rad1 O-O-O 12. d4 cxd4 13. Nxd4 Nxd4 14. Bxd4 e5
15. Be3 Bc5 16. Na4 d6 17. Nxc5 dxc5 18. Qe2 Nc6 19. c3 Kb8 20. Rd5 exf4 21.
gxf4 Ne7 22. Rxd8+ Rxd8 23. b4 cxb4 24. cxb4 Nc8 25. b5 Re8 26. Rc1 Qd7 27. bxa6
Bxe4 28. a7+ Nxa7 29. Bxb6 Qb7 30. Qe3 Re6 31. Bxa7+ 1-0

[Event "China zt 3.5 2014"]
[Site "Zhongshan CHN"]
[Date "2014.10.26"]
[Round "1.10"]
[White "Zhao, Yuanhe"]
[Black "Ma, Zhonghan"]
[Result "1/2-1/2"]
[WhiteElo "2091"]
[BlackElo "2471"]
[WhiteFideId "8609497"]
[BlackFideId "8607206"]
[EventDate "2014.10.26"]

1. d4 Nf6 2. c4 e6 3. g3 d5 4. Nf3 dxc4 5. Bg2 Nc6 6. O-O a6 7. e3 Rb8 8. Nfd2
Bd7 9. Nxc4 b5 10. Ne5 Nxe5 11. dxe5 Nd5 12. Bxd5 exd5 13. Qxd5 Bh3 14. Rd1 Qxd5
15. Rxd5 Be6 16. Rd1 Bc5 17. Bd2 Rd8 18. Rc1 Bb6 19. a4 O-O 20. a5 Ba7 21. Rxc7
Bb8 22. Rc1 Rd3 23. Bc3 Rc8 24. Na3 b4 25. Bxb4 Rxc1+ 26. Rxc1 Bxe5 27. Bc3 Bxc3
28. Rxc3 Rd1+ 29. Kg2 Bd5+ 30. f3 f5 31. Rc2 Bb3 32. Re2 Rd5 33. Nc2 Bxc2 34.
Rxc2 Rxa5 35. Kf2 Rb5 36. h3 Rb3 37. g4 g6 38. g5 a5 39. f4 Kg7 40. Kf3 Rb7 41.
h4 h6 42. Ke2 hxg5 43. hxg5 Rb3 44. Kd2 a4 45. Ke2 Kf7 46. Kf3 Rb4 47. Rh2 Kg7
48. Rd2 Kf7 49. Rd4 Rxb2 50. Rxa4 Rc2 51. Ra7+ Kf8 52. Ra1 Kf7 53. Re1 Rb2 54.
Re2 Rb1 55. Rc2 Rb3 56. Ke2 Ra3 57. Kd2 Ra1 58. Kd3 Rd1+ 59. Kc4 Ke6 60. Rb2
Rc1+ 61. Kd3 Rd1+ 62. Kc2 Rd7 63. Rb6+ Kf7 64. Rf6+ Kg7 65. Kc3 Re7 66. Kd4 Re4+
67. Kd3 Re7 68. Rd6 Kf7 69. Kd2 Kg7 70. Rd5 Kf7 71. Kd3 Kg7 72. Re5 Rd7+ 73. Kc4
Kf7 74. Kc5 Rd3 75. Kc4 Rd7 76. Rd5 Re7 77. Rd3 Re4+ 78. Kd5 Re8 79. Kc6 Rc8+
80. Kb7 Rc4 81. Rd7+ Kf8 82. Rc7 Rb4+ 83. Kc8 Rb3 84. Rc6 Kf7 85. Rf6+ Kg7 86.
Re6 Kf7 87. Re5 Rd3 88. e4 fxe4 89. Rxe4 Rd1 90. Rc4 1/2-1/2

[Event "China zt 3.5 2014"]
[Site "Zhongshan CHN"]
[Date "2014.10.26"]
[Round "1.11"]
[White "Lin, Chen"]
[Black "Yu, Kaifeng"]
[Result "1-0"]
[WhiteTitle "IM"]
[BlackTitle "FM"]
[WhiteElo "2463"]
[BlackElo "2123"]
[WhiteFideId "8602298"]
[BlackFideId "8609667"]
[EventDate "2014.10.26"]

1. e4 c5 2. Nf3 d6 3. Nc3 Nf6 4. e5 dxe5 5. Nxe5 a6 6. Be2 Qc7 7. d4 e6 8. Be3
Nbd7 9. Nxd7 Bxd7 10. Bf3 Rd8 11. Qe2 cxd4 12. Bxd4 Bc8 13. O-O-O Be7 14. Qe3
O-O 15. Bb6 Rxd1+ 16. Bxd1 Qb8 17. f4 Bb4 18. g3 Bxc3 19. Qxc3 Nd5 20. Qb3 Nxb6
21. Qxb6 e5 22. fxe5 Qxe5 23. Bf3 Bf5 24. Rd1 Be4 25. Qe3 f5 26. Re1 Re8 27. g4
Qxh2 28. Re2 Qg3 29. gxf5 Qxf3 30. Qxf3 Bxf3 31. Rxe8+ Kf7 32. Rh8 h6 33. f6 h5
34. fxg7 Kxg7 35. Rd8 h4 36. Rd4 h3 37. Rh4 Bg2 38. Kd2 Kg6 39. Ke3 Kg5 40. Rh8
Kg4 41. Kf2 Bd5 42. a4 a5 43. Kg1 Kg3 44. Rh7 Be4 45. Rg7+ Kf3 46. c3 Ke2 47.
Rg5 b6 48. Rb5 Bc6 49. Rxb6 Bxa4 50. Ra6 Kd3 51. Rxa5 Bb3 52. Rb5 Bc4 53. Rb4
Be6 54. Kh2 Bf5 55. Rd4+ Kc2 56. c4 Kxb2 57. c5 Kc3 58. Rf4 Bd7 59. Rf6 Kc4 60.
c6 Bg4 61. Rf4+ 1-0

[Event "China zt 3.5 2014"]
[Site "Zhongshan CHN"]
[Date "2014.10.26"]
[Round "1.12"]
[White "Xu, Zhihang"]
[Black "Liu, Yan"]
[Result "1-0"]
[WhiteElo "2119"]
[BlackElo "2364"]
[WhiteFideId "8611572"]
[BlackFideId "8608962"]
[EventDate "2014.10.26"]

1. Nf3 Nf6 2. c4 e6 3. g3 b6 4. Bg2 Bb7 5. O-O d5 6. Ne5 Bd6 7. Qa4+ c6 8. d4
O-O 9. Nc3 Qc7 10. cxd5 exd5 11. Nd3 Ba6 12. Rd1 Re8 13. Bg5 b5 14. Qc2 b4 15.
Na4 Ne4 16. Be3 Bb5 17. Nac5 Nf6 18. Bf4 Nbd7 19. Bxd6 Qxd6 20. e3 a5 21. Rdc1
Nb6 22. a4 bxa3 23. Rxa3 Nc4 24. Ra2 Ng4 25. b3 Ncxe3 26. fxe3 Qh6 27. Bf3 Qxe3+
28. Kg2 Qxd4 29. Bxg4 Qxg4 30. Qf2 h5 31. Rf1 Re7 32. Qf4 Qg6 33. Qf5 Qh6 34.
Rf4 Qh7 35. Rxa5 Rae8 36. Qxh7+ Kxh7 37. Ra2 g6 38. Rf6 Kg7 39. Raf2 Ra8 40. Nb4
Rc8 41. Nc2 Ra8 42. Nd4 Ra1 43. Nxb5 cxb5 44. Rb6 d4 45. Rxb5 Rd1 46. Ra5 f5 47.
Raa2 Kf6 48. Rad2 Rc1 49. Nd3 Rb1 50. b4 Re3 51. Nf4 Re4 52. Rb2 Ra1 53. b5 g5
54. Nd5+ Ke6 55. b6 Kxd5 56. b7 Re8 57. Rb5+ Kc4 58. b8=Q Rxb8 59. Rxb8 d3 60.
Rf8 Ra5 61. Kf3 Kc3 62. Rd8 Ra4 63. Rd5 g4+ 64. Kg2 h4 65. Rc5+ Kd4 66. Rf4+
Kxc5 67. Rxa4 hxg3 68. Kxg3 d2 69. Ra1 Kd4 70. Kf4 Kd3 71. Kxf5 1-0

[Event "China zt 3.5 2014"]
[Site "Zhongshan CHN"]
[Date "2014.10.26"]
[Round "1.13"]
[White "Jia, Haoxiang"]
[Black "Xiang, Zeyu"]
[Result "1/2-1/2"]
[WhiteTitle "IM"]
[WhiteElo "2424"]
[BlackElo "2107"]
[WhiteFideId "8602999"]
[BlackFideId "8608547"]
[EventDate "2014.10.26"]

1. Nf3 Nf6 2. c4 g6 3. g3 Bg7 4. Bg2 d5 5. O-O O-O 6. d4 dxc4 7. Na3 Nc6 8. Nxc4
Be6 9. b3 a5 10. a4 Bd5 11. Bb2 Nb4 12. Nfe5 Bxg2 13. Kxg2 c6 14. Qd2 Ne4 15.
Qf4 Nd6 16. Rad1 b5 17. Ne3 Qc8 18. Rc1 Qb7 19. Qf3 Rac8 20. axb5 cxb5 21. Ba3
Qxf3+ 22. Nxf3 e6 23. Rc5 Rxc5 24. dxc5 Ne4 25. c6 Rc8 26. Bxb4 axb4 27. Rd1 Nc3
28. Rd7 Rxc6 29. Ng5 Nxe2 30. Ng4 Rc8 31. Nxf7 Nc1 32. Nd8 h5 33. Nxe6 Bc3 34.
Nh6+ Kh8 35. Nf7+ Kg8 36. Nd6 Rb8 37. Nc5 Rb6 38. Nde4 Rc6 39. Kf1 Na2 40. Rb7
Bd4 41. Rxb5 Nc3 42. Rxb4 Bxc5 43. Rb8+ Bf8 44. Ng5 Nd5 45. h4 Rb6 46. Rd8 Nf6
47. Rd3 Bc5 48. Rc3 Bd6 49. Kg2 Be5 50. Rd3 Rd6 51. Re3 Bd4 52. Re7 Rd7 53. Re6
Kg7 54. Rc6 Be5 55. Re6 Bd4 56. Rc6 Be5 57. Re6 Bb8 58. Rb6 Ba7 59. Ra6 Ng4 60.
Ne6+ Kf7 61. Ng5+ Kg7 62. Ne6+ Kf7 63. Ng5+ Ke7 64. f3 Ne3+ 65. Kh3 Nf1 66. Kg2
Ne3+ 67. Kh3 Nf1 68. Kg2 1/2-1/2

[Event "China zt 3.5 2014"]
[Site "Zhongshan CHN"]
[Date "2014.10.26"]
[Round "1.14"]
[White "Huang, Zhi"]
[Black "Wang, Yiye"]
[Result "0-1"]
[BlackTitle "IM"]
[WhiteElo "2107"]
[BlackElo "2422"]
[WhiteFideId "8608920"]
[BlackFideId "8606021"]
[EventDate "2014.10.26"]

1. e4 e6 2. d4 d5 3. Nc3 Bb4 4. e5 c5 5. a3 Bxc3+ 6. bxc3 Ne7 7. Qg4 Qc7 8. Qxg7
Rg8 9. Qxh7 cxd4 10. Ne2 Nbc6 11. f4 dxc3 12. Qd3 d4 13. Nxd4 Nxd4 14. Qxd4 Bd7
15. Rg1 Nf5 16. Qf2 Qc6 17. Bd3 Qd5 18. Rb1 Bc6 19. Rb3 O-O-O 20. Rxc3 Kb8 21.
Rc4 b6 22. a4 Bb7 23. Rb4 Ba6 24. Rb3 Qa5+ 25. Qd2 Qc5 26. Kf1 Nh4 27. Rc3 Rxd3
28. cxd3 Qd4 29. Qc2 Nf3 30. Rh1 Qd5 31. Be3 Bb7 32. a5 Nh4 33. Rg1 Nxg2 34. Bf2
Ne3+ 35. Bxe3 Qf3+ 0-1

[Event "China zt 3.5 2014"]
[Site "Zhongshan CHN"]
[Date "2014.10.26"]
[Round "1.15"]
[White "Lei, Tingjie"]
[Black "Teng, Jiarong"]
[Result "1-0"]
[WhiteTitle "WGM"]
[WhiteElo "2421"]
[BlackElo "2092"]
[WhiteFideId "8605114"]
[BlackFideId "8609977"]
[EventDate "2014.10.26"]

1. d4 d5 2. c4 c6 3. cxd5 cxd5 4. Bf4 Nc6 5. e3 Nf6 6. Nc3 a6 7. Be2 Qb6 8. a3
e6 9. Nf3 Be7 10. O-O O-O 11. Na4 Qd8 12. Rc1 Nh5 13. Bg5 Bxg5 14. Nxg5 Nf6 15.
Nc5 e5 16. dxe5 Nxe5 17. Nf3 Qe7 18. Qd4 Re8 19. Nxe5 Qxe5 20. Qxe5 Rxe5 21.
Rfd1 g6 22. Rd4 Re7 23. Rc3 Kg7 24. Na4 Be6 25. Nb6 Rd8 26. a4 Ne4 27. Rc1 f5
28. a5 Nf6 29. Bf3 Bf7 30. Rc5 Ne4 31. Bxe4 fxe4 32. Kf1 h6 33. Ke2 g5 34. b4
Bh5+ 35. Ke1 Bf7 36. Kd2 Be6 37. Nxd5 Red7 38. Nc7 Bg8 39. b5 Rxd4+ 40. exd4
Rxd4+ 41. Ke3 Rd3+ 42. Kxe4 Bh7+ 43. Ke5 axb5 44. Rxb5 Ra3 45. Ne6+ Kg8 46. Nc5
Ra2 47. f3 g4 48. f4 Rxg2 49. Rxb7 Rxh2 50. a6 Rh5+ 51. Kd4 Rxc5 52. Kxc5 Be4
53. Kd4 Bh1 54. Rb8+ Kf7 55. Ke3 g3 56. a7 Kf6 57. Rg8 h5 58. Rxg3 h4 59. Rh3 1-0

[Event "China zt 3.5 2014"]
[Site "Zhongshan CHN"]
[Date "2014.10.26"]
[Round "1.16"]
[White "Liu, Zhaoqi"]
[Black "Xu, Yinglun"]
[Result "0-1"]
[WhiteElo "2073"]
[BlackElo "2410"]
[WhiteFideId "8609381"]
[BlackFideId "8604940"]
[EventDate "2014.10.26"]

1. c4 e6 2. Nc3 Bb4 3. d4 Nf6 4. e3 O-O 5. a3 Bxc3+ 6. bxc3 d6 7. Bd3 c5 8. Ne2
b6 9. O-O Bb7 10. f3 e5 11. Ng3 Nc6 12. d5 Na5 13. e4 Ne8 14. f4 f6 15. Be3 Ba6
16. Qe2 Qd7 17. a4 exf4 18. Rxf4 g6 19. h4 Ng7 20. h5 g5 21. Rf2 h6 22. Raf1 Qe7
23. Bd2 Rae8 24. Re1 Qd7 25. Ref1 Qe7 26. Re1 Bc8 27. Qf3 Qd7 28. Qd1 Ba6 29.
Ref1 Qd8 30. Qe2 Re5 31. Nf5 Nxf5 32. Rxf5 Bc8 33. Rxe5 fxe5 34. Rxf8+ Qxf8 35.
Be3 Bd7 36. Bc2 Qc8 37. Bd1 Kg7 38. Qf1 Qf8 39. Qe2 Bc8 40. Bc2 Ba6 41. Bd3 Qe8
42. Qg4 Bc8 43. Qd1 Bd7 44. Be2 Bxa4 45. Qd2 Qe7 46. Bd3 Bd7 47. Be2 Kh7 48. Kh2
Ba4 49. Qe1 Qf7 50. Qc1 Bb3 51. Bg4 Qf6 52. Qa1 Kg7 53. Bf5 Qe7 54. Bf2 Qf7 55.
g4 Qe8 56. Be3 Bxc4 57. Qc1 Qe7 58. Qb2 Nb3 59. Qf2 Qf6 60. Qb2 a5 61. Kg3 b5
62. Kh2 a4 63. Qa3 Qe7 64. Kg3 Na5 65. Kh2 Bb3 0-1

[Event "China zt 3.5 2014"]
[Site "Zhongshan CHN"]
[Date "2014.10.26"]
[Round "1.17"]
[White "Liu, Guanchu"]
[Black "Peng, Hongchi"]
[Result "1-0"]
[WhiteTitle "IM"]
[WhiteElo "2409"]
[BlackElo "2144"]
[WhiteFideId "8603901"]
[BlackFideId "8609047"]
[EventDate "2014.10.26"]

1. e4 c5 2. Nf3 d6 3. d4 cxd4 4. Nxd4 Nf6 5. Nc3 a6 6. f4 e5 7. Nf3 Nbd7 8. Bd3
Be7 9. O-O exf4 10. Kh1 Ne5 11. Bxf4 Bg4 12. Be2 Bxf3 13. Bxf3 O-O 14. Qd4 Qc7
15. Rad1 Rac8 16. Be2 h6 17. Qf2 Nc4 18. Bc1 Kh8 19. Qg3 Qb6 20. Qh3 Kh7 21.
Bxc4 1-0

[Event "China zt 3.5 2014"]
[Site "Zhongshan CHN"]
[Date "2014.10.26"]
[Round "1.18"]
[White "Shen, Chenyi"]
[Black "Bai, Jinshi"]
[Result "0-1"]
[BlackTitle "IM"]
[WhiteElo "2066"]
[BlackElo "2406"]
[WhiteFideId "8609071"]
[BlackFideId "8602280"]
[EventDate "2014.10.26"]

1. e4 c5 2. Nf3 e6 3. c3 Nf6 4. e5 Nd5 5. d4 cxd4 6. cxd4 d6 7. a3 Bd7 8. Bd3
Bc6 9. O-O Nd7 10. b4 a6 11. Nbd2 Nc3 12. Qb3 Rc8 13. Qxc3 Bxf3 14. Qb2 Bc6 15.
exd6 Bxd6 16. Nc4 Nf6 17. f3 Bb5 18. Nxd6+ Qxd6 19. Bxb5+ axb5 20. Bg5 Nd5 21.
Rfc1 O-O 22. Qb3 Nc3 23. Kh1 Ne2 24. Rd1 Rc4 25. a4 Nxd4 26. Qd3 Qxb4 27. axb5
Qxb5 28. Rab1 Qc6 29. Rxb7 Qxb7 30. Qxc4 Nxf3 31. Bf4 Nh4 32. Qe2 Ng6 33. Bg3
Qb3 34. Bc7 Ne7 35. h3 Nd5 36. Bd6 Nc3 0-1

[Event "China zt 3.5 2014"]
[Site "Zhongshan CHN"]
[Date "2014.10.26"]
[Round "1.19"]
[White "Chu, Wei Chao"]
[Black "Chen, Qi b"]
[Result "1-0"]
[WhiteTitle "IM"]
[WhiteElo "2369"]
[BlackElo "1925"]
[WhiteFideId "8605661"]
[BlackFideId "8614733"]
[EventDate "2014.10.26"]

1. d4 Nf6 2. c4 g6 3. Nc3 Bg7 4. e4 d6 5. Nf3 O-O 6. Be2 e5 7. O-O Nc6 8. d5 Ne7
9. Ne1 Nd7 10. Nd3 f5 11. Bd2 Nf6 12. f3 f4 13. c5 g5 14. Rc1 Ng6 15. Nb5 Rf7
16. Ba5 b6 17. cxd6 cxd6 18. Be1 a6 19. Nc3 a5 20. Bf2 Rb7 21. b4 a4 22. Nxa4 g4
23. Rc6 g3 24. hxg3 fxg3 25. Bxg3 Nh5 26. Bf2 Qg5 27. Qc1 Ngf4 28. Nxf4 Nxf4 29.
Rxc8+ Rxc8 30. Qxc8+ Bf8 31. Qg4 Nxe2+ 32. Kh2 Qxg4 33. fxg4 b5 34. Re1 bxa4 35.
Rxe2 Rxb4 36. Kg3 Rc4 37. Kf3 Bh6 38. g5 Bxg5 39. Kg4 Be7 40. Kf5 Kf7 41. Be3
Rc3 42. Bg5 Bxg5 43. Kxg5 Rg3+ 44. Kh4 Rc3 45. Rb2 Rc4 46. Kg5 Rxe4 47. Rb7+ Kg8
48. Kf6 Rf4+ 49. Ke6 Rg4 50. Kxd6 e4 51. Kc6 e3 52. Re7 Rxg2 53. Rxe3 Rxa2 54.
d6 Rd2 55. d7 Kf7 56. Re8 h5 57. d8=Q Rxd8 58. Rxd8 Kf6 59. Kd5 Kf5 60. Rf8+ Kg4
61. Ke4 h4 62. Rg8+ Kh3 63. Kf3 a3 64. Ra8 a2 65. Ra4 1-0

[Event "China zt 3.5 2014"]
[Site "Zhongshan CHN"]
[Date "2014.10.26"]
[Round "1.20"]
[White "Lin, Yi"]
[Black "Yuan, Qingyu"]
[Result "1/2-1/2"]
[WhiteElo "2013"]
[BlackElo "2358"]
[WhiteFideId "8609659"]
[BlackFideId "8609772"]
[EventDate "2014.10.26"]

1. d4 Nf6 2. c4 e6 3. g3 Bb4+ 4. Bd2 a5 5. Bg2 O-O 6. Nf3 b6 7. O-O Bb7 8. Nc3
d6 9. Qc2 Nbd7 10. a3 Bxc3 11. Bxc3 a4 12. Rfe1 Be4 13. Qd2 Qc8 14. Qf4 Qb7 15.
Rad1 Rfe8 16. Bh3 Bc6 17. d5 exd5 18. cxd5 Bb5 19. e4 Qa6 20. Nd4 Ne5 21. Nxb5
Qxb5 22. Bf1 Qd7 23. Bg2 Re7 24. h3 Rae8 25. Qd2 Nc4 26. Qd3 b5 27. Kh2 Nh5 28.
Qf3 Nf6 29. Bxf6 gxf6 30. Qxf6 Rb8 31. h4 Qe8 32. f4 Qf8 33. Qg5+ Kh8 34. Qf6+
Kg8 35. Qg5+ Kh8 36. Qf6+ Kg8 1/2-1/2

[Event "China zt 3.5 2014"]
[Site "Zhongshan CHN"]
[Date "2014.10.26"]
[Round "1.21"]
[White "Wang, Jue"]
[Black "Yang, Yanqing"]
[Result "1-0"]
[WhiteTitle "WGM"]
[WhiteElo "2353"]
[BlackElo "1992"]
[WhiteFideId "8604070"]
[BlackFideId "8613575"]
[EventDate "2014.10.26"]

1. e4 c5 2. Nf3 d6 3. d4 cxd4 4. Nxd4 Nf6 5. Nc3 a6 6. Be3 e5 7. Nb3 Be6 8. h3
Nbd7 9. g4 h6 10. f4 exf4 11. Bxf4 Ne5 12. Qe2 Qc7 13. O-O-O Be7 14. Nd4 b5 15.
Nf5 Bxf5 16. exf5 b4 17. Nd5 Nxd5 18. Rxd5 O-O 19. h4 Rac8 20. g5 Rfe8 21. Qg2
Nc4 22. f6 Bd8 23. Bd3 h5 24. fxg7 Ne5 25. Bxe5 Rxe5 26. Rxe5 dxe5 27. Qe4 Kxg7
28. Qh7+ Kf8 29. Qh8+ Ke7 30. Re1 Qd6 31. Rxe5+ Kd7 32. Bf5+ Kc7 33. Bxc8 Kxc8
34. Re4 Qd5 35. Rd4 Qa5 36. Qe8 Qc7 37. Qe4 1-0

[Event "China zt 3.5 2014"]
[Site "Zhongshan CHN"]
[Date "2014.10.26"]
[Round "1.22"]
[White "Nie, Xinyang"]
[Black "Yang, Jie"]
[Result "1/2-1/2"]
[WhiteElo "1911"]
[BlackElo "2325"]
[WhiteFideId "8607222"]
[BlackFideId "8602336"]
[EventDate "2014.10.26"]

1. d4 Nf6 2. Bg5 Ne4 3. h4 c5 4. dxc5 Qa5+ 5. Nd2 Nxd2 6. Qxd2 Qxd2+ 7. Bxd2 a5
8. e4 e6 9. Be3 Na6 10. Bxa6 Rxa6 11. Nf3 f6 12. a3 e5 13. O-O d6 14. cxd6 Bxd6
15. b3 Rc6 16. Rfc1 a4 17. b4 Be6 18. Ne1 Kf7 19. Nd3 Rc4 20. f3 b5 21. Kf2 f5
22. exf5 Bxf5 23. g4 Be6 24. Bc5 Bxc5+ 25. bxc5 Ke7 26. Ke3 Rb8 27. Rab1 h5 28.
Rb4 hxg4 29. Rxc4 Bxc4 30. Nxe5 Ke6 31. f4 Rh8 32. Rd1 Bd5 33. Ng6 Re8 34. Kd4
Kf5 35. h5 Ba8 36. Rg1 Re4+ 37. Kd3 1/2-1/2

[Event "China zt 3.5 2014"]
[Site "Zhongshan CHN"]
[Date "2014.10.26"]
[Round "1.23"]
[White "Fang, Yuxiang"]
[Black "Yan, Xuesong"]
[Result "1-0"]
[WhiteElo "2325"]
[BlackElo "1900"]
[WhiteFideId "8605840"]
[BlackFideId "8609764"]
[EventDate "2014.10.26"]

1. d4 Nf6 2. Nf3 e6 3. c4 b6 4. a3 c5 5. d5 exd5 6. cxd5 d6 7. Nc3 g6 8. Bf4 Bg7
9. e3 O-O 10. h3 Nh5 11. Bh2 f5 12. Be2 a6 13. Nd2 b5 14. Bxh5 gxh5 15. Qxh5 Nd7
16. O-O Nf6 17. Qg5 b4 18. axb4 cxb4 19. Na4 Nxd5 20. Qxd8 Rxd8 21. Nc4 Be6 22.
Nxd6 f4 23. Nb7 Re8 24. e4 Nf6 25. Nd6 Re7 26. Bxf4 Ne8 27. Nf5 Bxf5 28. exf5
Bd4 29. Rad1 Ba7 30. Be3 Bxe3 31. fxe3 Rxe3 32. Nb6 Rb8 33. f6 Rb7 34. Nd7 Kf7
35. Nc5 Ra7 36. Rf5 Kg6 37. Nd7 Rxd7 38. Rxd7 Nxf6 39. Rxf6+ Kxf6 40. Rxh7 Rb3
41. Rh6+ Ke5 42. Rxa6 Rxb2 43. Kh2 b3 44. h4 1-0